Normal view
MARC view
- Rashid, Salman,
Entry Personal Name
001 - CONTROL NUMBER
- control field: 3795
003 - CONTROL NUMBER IDENTIFIER
- control field: NUST
005 - DATE AND TIME OF LATEST TRANSACTION
- control field: 20170807110413.0
008 - FIXED-LENGTH DATA ELEMENTS
- fixed length control field: 170807|| aca||aabn | a|a d
040 ## - CATALOGING SOURCE
- Original cataloging agency: NUST
- Transcribing agency: NUST
100 ## - HEADING--PERSONAL NAME
- Personal name: Rashid, Salman,
- Dates associated with a name: 1952-
- General subdivision: Travel
- Geographic subdivision: China
- Geographic subdivision: Xinjiang Uygur Zizhiqu.
670 ## - SOURCE DATA FOUND
- Source citation: Work cat.: (NUST)0: Rashid, Salman, 1952- 3759, The Apricot road to Yarkand /, 2011.
